书目信息 |
| 题名: |
新生活
|
|
| 作者: | ;北京未来新世纪教育科学发展中心 编 | |
| 分册: | 11 学会防病之秘 | |
| 出版信息: | 乌鲁木齐 新疆青少年出版社 2006 |
|
| 页数: | 154页 | |
| 开本: | 20cm | |
| 丛书名: | ||
| 单 册: | ||
| 中图分类: | Z228.2 | |
| 科图分类: | ||
| 主题词: | 常见病--防治 , 常见病 , 百科全书--中国 | |
| 电子资源: | ||
| ISBN: | 7-5373-1466-7 | |
| 000 | 00962nam0 2200265 45 | |
| 001 | 012006292814 | |
| 005 | 20070116100912.28 | |
| 010 | @a7-5373-1466-7@dCNY198.00(全20册) | |
| 092 | @aCN@b505802 | |
| 100 | @a20060928d2006 em y0chiy0120 ea | |
| 101 | 0 | @achi |
| 102 | @aCN@b650000 | |
| 105 | @ay z 000yy | |
| 200 | 1 | @a新生活@9xin sheng huo@h11@i学会防病之秘@f北京未来新世纪教育科学发展中心编 |
| 210 | @a乌鲁木齐@c新疆青少年出版社@a喀什@c喀什维吾尔文出版社@d2006 | |
| 215 | @a154页@d20cm | |
| 330 | @a本书介绍了防病与养生的一些基本常识。详细的阐述了现代人的养生保健观、养生保健之道、疾病产生的新认识等一系列问题。 | |
| 517 | 1 | @a学会防病之秘@9xue hui fang bing zhi mi |
| 606 | 0 | @a常见病@x防治 |
| 606 | 0 | @a常见病 |
| 606 | 0 | @a百科全书@x中国 |
| 690 | @aZ228.2@v4 | |
| 711 | 02 | @a北京未来新世纪教育科学发展中心@9bei jing wei lai xin shi ji jiao yu ke xue fa zhan zhong xin@4编 |
| 801 | 0 | @aCN@bLZJBOOK@c20070116 |
| 905 | @a10447@dZ228.2@e174:11 | |
| 新生活.11.学会防病之秘/北京未来新世纪教育科学发展中心编.-乌鲁木齐:新疆青少年出版社;喀什:喀什维吾尔文出版社,2006 |
| 154页;20cm |
| ISBN 7-5373-1466-7:CNY198.00(全20册) |
| 本书介绍了防病与养生的一些基本常识。详细的阐述了现代人的养生保健观、养生保健之道、疾病产生的新认识等一系列问题。 |
| ● |
| 相关链接 |
|
|
|
|
正题名:新生活
索取号:Z228.2/174:11
 
预约/预借
| 序号 | 登录号 | 条形码 | 馆藏地/架位号 | 状态 | 备注 |
| 1 | 0567213 | 205672137 | 第二样本阅览室/ [索取号:Z228.2/174:11] | 在馆 | |
| 2 | 0567214 | 205672146 | 第三借阅区/ [索取号:Z228.2/174:11] | 在馆 | |
| 3 | 0567215 | 205672155 | 第三借阅区/ [索取号:Z228.2/174:11] | 在馆 | |
| 4 | 0567216 | 205672164 | 第三借阅区/ [索取号:Z228.2/174:11] | 在馆 | |
| 5 | 0567217 | 205672173 | 第三借阅区/ [索取号:Z228.2/174:11] | 在馆 | |
| 6 | 0567218 | 205672182 | 第三借阅区/ [索取号:Z228.2/174:11] | 在馆 |